=LDR 00000nam 2200000 4500 =001 INLIS000000000028519 =005 20200326114934 =035 ##$$a 0010-061300000028519 =008 200326################g##########0#ind## =041 ##$$a Ind =082 ##$$a 297.31 =090 ##$$a 297.31, Gha u =100 1#$$a Ghanayim, M. Ahmad =245 1#$$a Ujian cinta kepada Allah, /$c M. Ahmad Ghanayim =260 ##$$a Jakarta :$b Senayan Abadi Publishing,$c 2006 =300 ##$$a x, 150 hlm, : $b Ilus. ; $c 13 x 20 cm =650 #4$$a Iman Kepada Allah =850 ##$$a NBPNMAT =020 ##$$a 979-3471-66-2 =084 ##$$a 297.31 GHA u =250 ##$$a cet.1 =990 ##$$a 30709663